Biggest Trading Partners - Ukraine - Statistics

General Stats
  • This quiz has been taken 594 times
  • The average score is 17 of 20
Answer Stats
Imports Answer % Correct
6.28 bil Russia
99%
3.95 bil Russia
99%
4.28 bil Germany
95%
2.00 bil Germany
95%
3.83 bil Poland
95%
2.01 bil Poland
95%
4.22 bil China
94%
2.49 bil China
94%
1.08 bil United States of America
94%
2.82 bil Belarus
89%
1.22 bil Italy
87%
2.20 bil Italy
87%
1.25 bil Turkey
87%
2.55 bil Turkey
87%
1.24 bil Spain
78%
1.55 bil Hungary
70%
1.22 bil Hungary
70%
1.96 bil India
68%
0.91 bil Kazakhstan
49%
2.16 bil Egypt
39%
No matching quizzes found
Score Distribution
Percent of People with Each Score
Percentile by Number Answered
Your Score History
You have not taken this quiz